000 00478nam a22001817a 4500
003 MPLRDC
005 20220104142737.0
008 210129b ||||| |||| 00| 0 eng d
020 _a978-957-11-6938-5
082 _a178 FUR
100 _aADRIAN FURNHAM
245 _a50个非知不可的心理学概念
_c游恒山 译
250 _a初版
260 _a台湾
_b五南图书出版股份有限公司
_c2013
300 _b210
650 _a心理学
942 _cBK
_o178 FUR
999 _c33368
_d33358